Tabla de Contenidos: volumen 18, número 2, 1992
Enregistré dans:
| Format: | Texte |
|---|---|
| Langue: | Spanish |
| Tags: |
Ajouter un tag
Pas de tags, Soyez le premier à ajouter un tag!
|
MARC
| LEADER | 00000 a a2200000 04500 | ||
|---|---|---|---|
| 003 | cru CRAI/IIS | ||
| 005 | 20210616165950.0 | ||
| 008 | 210616b |||||||| |||| 00| 0 spa d | ||
| 040 | |c cru CRAI/IIS | ||
| 245 | |a Tabla de Contenidos: |b volumen 18, número 2, 1992 | ||
| 505 | |a Contenido: 1.Estudio del uso actual y capacidad de uso de la tierra en America Central / Gilbert Vargas. -- 2.Estado y cultura en Guatemala y Costa Rica / Rafael Cuevas Molina. -- 3.El café en Nicaragua / Carine Craipeau. -- 4.Cultura política y legitimidad. Encuesta de opinión entre estudiantes avanzados de la sede central de la Universidad de Costa Rica / Mylena Vega. -- 5.Los Estados Unidos: Una imagen modelo para Costa Rica. 1880-1903 / Carolina Mora. -- 6.Estado y democracia en la sociedad costarricense contemporánea / José Carlos Chinchilla. -- 7.Costa Rica: juicio a la democracia de Olivier Dabène / Manuel A. Solís | ||
| 773 | 0 | |0 18765 |9 4975 |a Universidad de Costa Rica. |d San José, Costa Rica: Editorial Universidad de Costa Rica, 1974- |o MFN: 3781 |t Anuario de Estudios Centroamericanos / |x 03777316 | |
| 942 | |2 ddc |c PP | ||
| 999 | |c 43711 |d 43711 | ||
